BSOP header

Life of John Murray / by Iain H. Murray. (Record no. 21366)

MARC details
000 -LEADER
fixed length control field 00659nam a2200169 4500
008 - FIXED-LENGTH DATA ELEMENTS--GENERAL INFORMATION
fixed length control field 041022s1982 stkm a000 0beng d
020 ## - INTERNATIONAL STANDARD BOOK NUMBER
International Standard Book Number 085151426X :USD8.95
090 ## - LOCALLY ASSIGNED LC-TYPE CALL NUMBER (OCLC); LOCAL CALL NUMBER (OCLC)
Classification number (OCLC) (R) ; Classification number, CALL (RLIN) (NR) BX9969.M8
Local cutter number (OCLC) ; Book number/undivided call number, CALL (RLIN) M96l
100 1# - MAIN ENTRY--PERSONAL NAME
Personal name Murray, Iain Hamish.
245 10 - TITLE STATEMENT
Title Life of John Murray / by Iain H. Murray.
260 ## - PUBLICATION, DISTRIBUTION, ETC. (IMPRINT)
Place of publication, distribution, etc Edinburgh :
Name of publisher, distributor, etc Banner of Truth Trust,
Date of publication, distribution, etc 1982.
300 ## - PHYSICAL DESCRIPTION
Extent viii, 158 p. :
Other physical details facism. ;
Dimensions 25 cm.
500 ## - GENERAL NOTE
General note "First published in The collected writings of John Murray, volume 3, 1982."
504 ## - BIBLIOGRAPHY, ETC. NOTE
Bibliography, etc Includes bibliographical references and indexes.
600 14 - SUBJECT ADDED ENTRY--PERSONAL NAME
Personal name Murray, John,
Dates associated with a name 1898-1975.
951 ## - EQUIVALENCE OR CROSS-REFERENCE-GEOGRAPHIC NAME/AREA NAME [OBSOLETE] [CAN/MARC only]
General subdivision 00021220
951 ## - EQUIVALENCE OR CROSS-REFERENCE-GEOGRAPHIC NAME/AREA NAME [OBSOLETE] [CAN/MARC only]
-- 12693
-- BX9969.M8/M96l
-- 070613111419609
-- 2000-12-21
-- GC
Holdings
Withdrawn status Lost status Damaged status Not for loan Home library Current library Shelving location Date acquired Accession number Shelving control number Total Checkouts Full call number Barcode Date last seen Price effective from Koha item type
        BSOP Library BSOP Library GC 12/21/2000 12693 127   BX9969.M8/M96l 00021220 02/23/2013 02/23/2013 Books
BSOP

Biblical Seminary of the Philippines
  All rights Reserved
  © 2024

CONTACT INFORMATION

Biblical Seminary of the Philippines,
  77-B Karuhatan Road, Valenzuela City,
  PHILIPPINES 1441
  Phone: +632 8292-6795 / 8292-6798
  Fax : +632 8292-6675
  Email: library@bsop.edu.ph